000 00450nam a2200181Ia 4500
001 2229
005 20260306143827.0
008 260306t2014||||xx |||||||||||||| ||spa||
041 _aESP
082 _a616.8
_bA75N
100 _aArnedo Montoro, Marisa
_eAUT
245 0 _aNeuropsicología:
_ba través de casos clínicos
260 _c2014
300 _axvi, 391 páginas :
_c24 cm.
650 _aGEN
654 _aCPS
942 _cLIB
_dJUS
_fJUS
_2ddc
_n
999 _c2229
_d2229